[Event "Caioba op 8th"]
[Site "Caioba"]
[Date "2024.06.23"]
[Round "1"]
[White "Van Den Bylaardt, Richard"]
[Black "Mendes Domingues, Ribeiro Matheus"]
[Result "0-1"]
[WhiteElo "1721"]
[BlackElo "2241"]
[PlyCount "42"]
[EventDate "2024.06.23"]
[EventType "swiss"]
[EventRounds "9"]
[EventCountry "BRA"]
[SourceTitle "CBM 220 Extra"]
[Source "ChessBase"]
[SourceDate "2024.07.31"]
[SourceVersion "1"]
[SourceVersionDate "2024.07.31"]
[SourceQuality "1"]

1. e4 c5 2. Nf3 e6 3. Nc3 Nc6 4. Be2 Nf6 5. d3 d5 6. exd5 exd5 7. 0-0 Be7 8. Bf4 0-0 9. Qd2 a6 10. Rae1 Bf5 11. a3 d4 12. Na2 Nd5 13. c4 dxc3 14. Nxc3 Bf6 15. Nxd5 Qxd5 16. Rd1 Rfe8 17. Rfe1 Qb3 18. Rb1 c4 19. d4 Bxb1 20. Rxb1 c3 21. Qxc3 Qxc3 0-1